Sports Quiz

Random Sports or Football Quiz

Ohio State Football first rounders Quiz Stats

 Plays Quiz not verified by Sporcle

Score 0/31 Timer 08:00
0 Plays Today
Position and Number Taken Player % Correct
2009 RB 31st pickChris Wells
91%
2004 DE 18th pickWill Smith
87.1%
2007 WR 9th pickTedd Ginn
86.8%
2006 LB 6th pickAJ Hawk
86.3%
1993 RB 21st pickRobert Smith
86%
1997 OL 1st pickOrlando Pace
84.9%
2009 CB 14th pickMalcolm Jenkins
81.4%
2004 WR 29th pickMichael Jenkins
81.1%
2007 WR 32th pickAnthony Gonzalez
81.1%
1996 RB 14th pickEddie George
79.5%
2006 LB 18th pickBobby Carpenter
73.4%
2008 DE 6th pickVernon Gholston
71.2%
2006 25th pickSantonio Holmes
70.1%
1999 WR 8th ppickDavid Boston
69.6%
2004 CB 28th pickChris Gamble
68.2%
2006 29th pickNick Mangold
62.5%
Position and Number Taken Player % Correct
1996 WR 7th pickTerry Glenn
62.2%
1995 WR 8th pickJoey Galloway
58.4%
1997 CB 3rd pickShawn Springs
58.4%
2006 DB 8th pickDonte Whitner
55.9%
1994 DT 1st pickDan Wilkinson
53.7%
1999 LB 28th pickAndy Katzenmoyer
50.7%
1999 CB 23rd pickAntoine Winfield
47.9%
1996 TE 9th pickRickey Dudley
44.7%
2001 CB 21st pickNate Clements
39.2%
1995 OL 24th pick Korey Stringer
38.9%
2000 CB 24th pickAhmed Plummer
33.2%
2001 DT 29th pickRyan Pickett
29.3%
1992 DT 22nd pickAlonzo Spellman
20%
1995 LB 30th pickCraig Powell
19.5%
1991 CB 19th pickVinnie Clark
8.5%

You're not logged in!

Compare scores with friends on all Sporcle quizzes.
OR
Log In

Show Comments

Extras

Top Quizzes Today


Score Distribution

Your Account Isn't Verified!

In order to create a playlist on Sporcle, you need to verify the email address you used during registration. Go to your Sporcle Settings to finish the process.

Report this User

Report this user for behavior that violates our Community Guidelines.

Details: